000 00984pam a2200277 a 4500
001 3486840
003 ARRUPE
005 20160823103313.0
008 940502s1994 nyu b 000 0 eng
010 _a 94019036
020 _a0809135191 (pbk.) :
_c$14.95
040 _aDLC
_cDLC
_dDLC
043 _an-us---
050 0 0 _aBX2435
_b.L58 1994
082 0 0 _a255
_220
245 0 0 _aLiving in the meantime :
_bconcerning the transformation of religious life /
_cPaul J. Philibert, editor.
260 _aNew York :
_bPaulist Press,
_cc1994.
300 _ax, 222 p. ;
_c23 cm.
504 _aIncludes bibliographical references.
650 0 _aMonastic and religious life.
_925255
650 0 _aMonasticism and religious orders
_zUnited States.
_925256
700 1 _aPhilibert, Paul J.
_923478
906 _a7
_bcbc
_corignew
_d1
_eocip
_f19
_gy-gencatlg
942 _2lcc
_cMONOGRAPH
999 _c125061
_d125061